[Event "Sao Paulo op-B U2050 8th"]
[Site "Sao Paulo"]
[Date "2019.10.19"]
[Round "4"]
[White "Merguizo, Marco Antonio"]
[Black "De Souza, Eliana Aparecida"]
[Result "1-0"]
[WhiteElo "1510"]
[BlackElo "1749"]
[PlyCount "75"]
[EventDate "2019.10.17"]
[EventType "swiss"]
[EventRounds "6"]
[EventCountry "BRA"]
[SourceTitle "CBM 192 Extra"]
[Source "Chessbase"]
[SourceDate "2019.11.06"]
[SourceVersion "1"]
[SourceVersionDate "2019.11.06"]
[SourceQuality "1"]

1. c4 e5 2. Nc3 Nf6 3. g3 c6 4. Bg2 d5 5. cxd5 cxd5 6. d4 e4 7. Bg5 Be7 8. e3 0-0 9. Nge2 Nbd7 10. Qb3 Nb6 11. Nf4 Be6 12. 0-0 Qd7 13. Rfc1 Nc4 14. Bxf6 Bxf6 15. Ncxd5 Nd2 16. Nxf6+ gxf6 17. Qd1 Nf3+ 18. Bxf3 exf3 19. Qxf3 Bg4 20. Qd5 Qe7 21. h3 Bc8 22. Rc3 Rd8 23. Qf3 Kg7 24. Rac1 Rb8 25. Rc7 Qd6 26. Qh5 Bd7 27. R7c5 Rbc8 28. Qh4 b6 29. Rxc8 Rxc8 30. Rxc8 Bxc8 31. Nh5+ Kg6 32. Qf4 Qc6 33. d5 Qxd5 34. Nxf6 Qd1+ 35. Kh2 Qf1 36. g4 Bb7 37. e4 Bc8 38. Nh5 1-0